Quiz boys group #1 - Statistiques

Statistiques générales
  • Ce quiz a été pris 36 fois
  • Le résultat moyen est 13 sur 16
Statistiques - réponses
Par images Réponse % Correct
bang chan
96%
felix
96%
Lee know
92%
J-hope
88%
san
88%
jin
85%
V
85%
ni-ki
81%
Beomgyu
77%
I.N
77%
sunoo
69%
Taehyun
69%
jake
65%
mingi
65%
wooyoung
65%
jay
62%
Aucun quiz correspondant
Distribution des résultats
% des personnes avec chaque résultat
Percentile par nombre de réponses
Votre historique - résultats
Vous n’avez pas pris ce quiz